Incensario (Record no. 60280)
[ view plain ]
| 000 -LEADER | |
|---|---|
| campo de control de longitud fija | 00502nam a2200157 i 4500 |
| 001 - NÚMERO DE CONTROL | |
| campo de control | 60280 |
| 003 - IDENTIFICADOR DE NÚMERO DE CONTROL | |
| campo de control | ES-MaACL |
| 005 - FECHA Y HORA DE LA ÚLTIMA TRANSACCIÓN | |
| campo de control | 20230906164211.0 |
| 007 - CAMPO FIJO DE DESCRIPCIÓN FÍSICA--INFORMACIÓN GENERAL | |
| campo de control de longitud fija | t| |
| 008 - DATOS DE LONGITUD FIJA--INFORMACIÓN GENERAL | |
| campo de control de longitud fija | 031104s1959 sp ||||1| spa d |
| 100 1# - ENTRADA PRINCIPAL--NOMBRE DE PERSONA | |
| Nombre de persona | Espresati, Carlos G. |
| 9 (RLIN) | 47945 |
| 245 10 - MENCIÓN DEL TÍTULO | |
| Título | Incensario |
| Resto del título | : (rimas devotas y seglares) / |
| Mención de responsabilidad, etc. | Carlos G. Espresati. |
| 260 ## - PUBLICACIÓN, DISTRIBUCIÓN, ETC. | |
| Lugar de publicación, distribución, etc. | Castellón de la Plana : |
| Nombre del editor, distribuidor, etc. | [s.n., |
| Fecha de publicación, distribución, etc. | 1958] ( |
| Fabricante | Talls. Gráfs. Hijos de F. Armengot, |
| Fecha de fabricación/manufactura | 1959) |
| 300 ## - DESCRIPCIÓN FÍSICA | |
| Extensión | 127 p. ; |
| Dimensiones | 17 cm. |
| 852 ## - LOCALIZACIÓN | |
| Ubicación | ES-MaACL |
| Número de control de estantería | C-16369 |
| Sublocalización o colección | R.44006 |
| Estatus retirado | Estado de pérdida | Estado de daño | No para préstamo | Biblioteca de origen | Biblioteca actual | Ubicación en estantería | Fecha de adquisición | Fuente de adquisición | Total de préstamos | Signatura topográfica completa | Código de barras | Visto por última vez | Precio de reemplazo | Tipo de ítem Koha |
|---|---|---|---|---|---|---|---|---|---|---|---|---|---|---|
| Biblioteca del Ateneo de Madrid | Biblioteca del Ateneo de Madrid | Galería | 17/01/2008 | C-16369 | 1063225 | 23/02/2023 | 23/02/2023 | Libro impreso |
